[Event "SportAccord Rapid w 2014"]
[Site "Beijing CHN"]
[Date "2014.12.12"]
[Round "7.2"]
[White "Dzagnidze, Nana"]
[Black "Ushenina, Anna"]
[Result "1/2-1/2"]
[WhiteTitle "GM"]
[BlackTitle "GM"]
[WhiteElo "2570"]
[BlackElo "2494"]
[WhiteFideId "13601903"]
[BlackFideId "14110911"]
[EventDate "2014.12.11"]

1. d4 d5 2. c4 c6 3. cxd5 cxd5 4. Nc3 Nf6 5. Bf4 Nc6 6. e3 a6 7. Bd3 Bg4 8. Nge2
e6 9. Rc1 Rc8 10. O-O Bd6 11. Qb3 Na5 12. Qa4+ Nc6 13. a3 O-O 14. b4 e5 15. Bg5
exd4 16. Nxd4 Nxd4 17. exd4 Bb8 18. Qb3 Ba7 19. Bxf6 Qxf6 20. Nxd5 Qd6 21. Ne3
Qxd4 22. Bc4 Bh5 23. Bd5 b6 24. Bb7 Rxc1 25. Rxc1 a5 26. b5 Bb8 27. g3 Bd6 28.
a4 Bc5 29. Kg2 Rd8 30. Bc6 Qd2 31. Rc2 Qd4 32. Rc4 Qd6 33. Rf4 Bg6 34. Nd5 Qe5
35. Qf3 f6 36. h4 Kh8 37. Ne3 Bxe3 38. Qxe3 Qxe3 39. fxe3 Bc2 40. Kf2 Kg8 41.
Ke2 Kf8 42. Bf3 Ke7 43. Ke1 Bb3 44. Be2 Rc8 45. Bd3 Rc1+ 46. Kd2 Ra1 47. Re4+
Kf8 48. Kc3 Bxa4 49. Kb2 Rd1 50. Rd4 g6 51. Ka3 Ra1+ 52. Kb2 Rd1 53. Ka3 Ra1+
54. Kb2 Rd1 1/2-1/2

[Event "SportAccord Rapid w 2014"]
[Site "Beijing CHN"]
[Date "2014.12.12"]
[Round "7.4"]
[White "Stefanova, Antoaneta"]
[Black "Harika, Dronavalli"]
[Result "1/2-1/2"]
[WhiteTitle "GM"]
[BlackTitle "GM"]
[WhiteElo "2517"]
[BlackElo "2505"]
[WhiteFideId "2902257"]
[BlackFideId "5015197"]
[EventDate "2014.12.11"]

1. Nf3 Nf6 2. g3 g6 3. b3 Bg7 4. Bb2 O-O 5. Bg2 d6 6. O-O e5 7. d3 c5 8. c4 Nc6
9. Nc3 h6 10. e3 Be6 11. d4 exd4 12. exd4 d5 13. dxc5 dxc4 14. Nd2 Nd5 15. Nxd5
Bxb2 16. bxc4 Bg7 17. Rb1 Rb8 18. Qa4 Bf5 19. Rbd1 Kh8 20. Ne4 Bxe4 21. Bxe4 Qa5
22. Qxa5 Nxa5 23. Ne3 Rbc8 24. Rd5 Rc7 25. Rb1 f5 26. Bd3 Nc6 27. Ng2 g5 28.
Rxf5 Ne5 29. Rxf8+ Bxf8 30. Be4 Bxc5 31. Bd5 b6 32. h3 Nd3 33. Ne3 Re7 34. Ng4
Re2 35. Nxh6 Rxf2 36. Kh1 Rxa2 37. Ng4 a5 38. Rf1 a4 39. Rf7 Nf2+ 40. Nxf2 Rxf2
41. Rxf2 Bxf2 42. Kg2 a3 43. c5 Bxc5 44. Kf3 Kg7 45. h4 gxh4 46. gxh4 b5 47. Ke4
b4 48. Kd3 Be7 49. h5 Kh6 50. Bf7 Bf6 51. Kc2 Bc3 52. Kb3 Kg7 53. Bc4 Kh6 54.
Bf7 Kg7 55. Bc4 1/2-1/2

[Event "SportAccord Rapid w 2014"]
[Site "Beijing CHN"]
[Date "2014.12.12"]
[Round "7.5"]
[White "Zhao, Xue"]
[Black "Ju, Wenjun"]
[Result "1/2-1/2"]
[WhiteTitle "GM"]
[BlackTitle "GM"]
[WhiteElo "2514"]
[BlackElo "2568"]
[WhiteFideId "8601283"]
[BlackFideId "8603006"]
[EventDate "2014.12.11"]

1. d4 Nf6 2. c4 g6 3. g3 Bg7 4. Bg2 c5 5. d5 d6 6. Nc3 O-O 7. Nf3 e6 8. O-O exd5
9. cxd5 Re8 10. Nd2 a6 11. a4 Nbd7 12. Nc4 Ne5 13. Nxe5 Rxe5 14. Bf4 Re8 15. a5
Ng4 16. Qb3 Rb8 17. Rfc1 Ne5 18. Na4 Bd7 19. Nb6 Bb5 20. Re1 Qf6 21. Rab1 g5 22.
Bd2 Re7 23. Qc2 Ng4 24. Bf3 Bxe2 25. Bxg4 Bxg4 26. Bc3 Rxe1+ 27. Rxe1 Qg6 28.
Qxg6 hxg6 29. Kg2 Bf5 30. h3 g4 31. hxg4 Bxg4 32. f3 Bf5 33. g4 Bd3 34. Nd7 Rd8
35. Re7 g5 36. Nf6+ Kf8 37. Rxb7 Bc4 38. Ra7 Bh8 39. Nd7+ Kg8 40. Bxh8 Kxh8 41.
Nb6 Bb5 42. Rxf7 Re8 43. Kg3 c4 44. Rc7 Re5 45. Kf2 Kg8 46. Nc8 Kf8 47. Nxd6
Rxd5 48. Ne4 Rd3 49. Kg3 Rb3 50. Nxg5 Rxb2 51. Ne6+ Ke8 52. f4 Re2 53. f5 Bd7
54. Ng7+ Ke7 55. Rxc4 Kf6 56. Rc7 Rd2 57. Nh5+ Kg5 58. Nf4 Rd1 59. Nh3+ Kf6 60.
Nf2 Rd4 61. Kf3 Ke5 62. Rc5+ Kd6 63. Rc1 Bc6+ 64. Kg3 Ra4 65. Rd1+ Ke7 66. Re1+
Kf7 67. Nd3 Ra3 68. Re3 Kg7 69. Kf4 Rxa5 70. Re7+ Kf8 71. Rc7 Be8 72. Nc5 Ra1
73. g5 a5 74. Ne4 a4 75. g6 Rg1 76. Ng5 a3 77. Ra7 a2 78. Rxa2 Bxg6 79. fxg6 Kg7
80. Ra6 Rg2 81. Kf5 Rf2+ 82. Kg4 Rg2+ 83. Kh4 Rg1 84. Rb6 Rf1 85. Ne4 Rf4+ 86.
Kg5 Rxe4 87. Rb7+ Kg8 1/2-1/2

[Event "SportAccord Rapid w 2014"]
[Site "Beijing CHN"]
[Date "2014.12.12"]
[Round "7.7"]
[White "Muzychuk, Mariya"]
[Black "Khotenashvili, Bela"]
[Result "1-0"]
[WhiteTitle "IM"]
[BlackTitle "GM"]
[WhiteElo "2529"]
[BlackElo "2504"]
[WhiteFideId "14114550"]
[BlackFideId "13602640"]
[EventDate "2014.12.11"]

1. e4 c6 2. d4 d5 3. Nc3 dxe4 4. Nxe4 Bf5 5. Ng3 Bg6 6. h4 h6 7. Nf3 Nd7 8. h5
Bh7 9. Bd3 Bxd3 10. Qxd3 e6 11. Bd2 Ngf6 12. O-O-O Be7 13. Kb1 O-O 14. Ne4 Nxe4
15. Qxe4 Nf6 16. Qe2 Qd5 17. Be3 Ng4 18. Bf4 Qf5 19. g3 Nf6 20. Ne5 c5 21. dxc5
Bxc5 22. f3 Rac8 23. Bc1 Nd5 24. g4 Qh7 25. g5 hxg5 26. Bxg5 Qf5 27. Bc1 Kh7 28.
Nd7 Rg8 29. Qe4 Qxe4 30. fxe4 Nb6 31. h6 Nxd7 32. Rxd7 Kg6 33. hxg7 b5 34. Rb7
a6 35. Rh6+ Kxg7 36. Rxe6 Rge8 37. Rxa6 Rxe4 38. Bd2 Rh4 39. Bc3+ Bd4 40. Bxd4+
Rxd4 41. c3 Rd5 42. Rab6 Rcc5 43. Kc2 Rf5 44. b4 Rce5 45. Kb3 Rd5 46. a4 bxa4+
47. Kxa4 Rd1 48. Rb5 Ra1+ 49. Kb3 Rf3 50. Rc5 Kg6 51. b5 Rb1+ 52. Kc2 Rff1 53.
Rc6+ f6 54. b6 Kf5 55. Kd3 Ke5 56. Kc4 f5 57. Re7+ Kf4 58. b7 Rf2 59. Rcc7 Rfb2
60. Kd4 Kf3 61. c4 f4 62. c5 Kf2 63. c6 Rb5 64. Rcd7 R1b4+ 65. Kd3 Kf3 66. c7
Rb3+ 67. Kd2 Rb2+ 68. Ke1 Rb1+ 69. Rd1 Rxb7 70. Rxb1 Rxb1+ 71. Kd2 Rb2+ 72. Kd3
Rb3+ 73. Kc2 Rb7 74. Rd7 1-0

[Event "SportAccord Rapid w 2014"]
[Site "Beijing CHN"]
[Date "2014.12.12"]
[Round "7.8"]
[White "Cramling, Pia"]
[Black "Koneru, Humpy"]
[Result "1/2-1/2"]
[WhiteTitle "GM"]
[BlackTitle "GM"]
[WhiteElo "2518"]
[BlackElo "2581"]
[WhiteFideId "1700030"]
[BlackFideId "5008123"]
[EventDate "2014.12.11"]

1. Nf3 Nf6 2. c4 e6 3. g3 d5 4. Bg2 Be7 5. O-O O-O 6. b3 b6 7. Bb2 Bb7 8. e3
Nbd7 9. Qe2 a5 10. Nc3 Nc5 11. d4 Nce4 12. Nd2 Nxc3 13. Bxc3 c5 14. Rac1 Qb8 15.
dxc5 bxc5 16. Rfd1 Qa7 17. Bxf6 Bxf6 18. cxd5 exd5 19. Nb1 Rfd8 20. Nc3 d4 21.
Ne4 Bxe4 22. Bxe4 Rac8 23. Bf5 Rb8 24. Bd3 dxe3 25. Qxe3 Bd4 26. Qe4 g6 27. Bc4
Re8 28. Qc6 Rbc8 29. Qg2 Re5 30. Rd3 Rce8 31. h4 Rf5 32. Rf3 Rxf3 33. Qxf3 Re5
34. Rc2 Kg7 35. a4 Qc7 36. Kg2 h5 37. Re2 Rxe2 38. Qxe2 Qc6+ 39. Qf3 Qxf3+ 40.
Kxf3 f6 41. Kg2 g5 42. hxg5 fxg5 43. f4 gxf4 44. gxf4 Kf6 45. Kf3 Bc3 46. Bd3
Bb4 47. Bc4 Bc3 48. Bd3 Bb4 49. Bc4 1/2-1/2